| 000 | 00506nam a2200181Ia 4500 | ||
|---|---|---|---|
| 001 | 14327 | ||
| 005 | 20260306164906.0 | ||
| 008 | 260306t2008||||xx |||||||||||||| ||spa|| | ||
| 041 | _aESP | ||
| 082 |
_a511.3 _bP48 |
||
| 100 |
_aPetzold, Charles _eAUT |
||
| 245 | 4 |
_aThe annotated turing: _ba guided tour through alan turings historic paper on computability and the turing machine |
|
| 260 | _c2008 | ||
| 300 |
_a372 páginas : _c23 cm. |
||
| 650 | _aGEN | ||
| 654 | _aCMA | ||
| 942 |
_cLIB _dJUS _fJUS _2ddc _n |
||
| 999 |
_c14327 _d14327 |
||